00579nam a2200169Ia 4500008004100000020002200041082001400063100001700077245004500094250000800139260003400147300001100181600002100192942000700213952017200220999001700392250916s9999 xx 000 0 und d a978-1-260-45831-2 a005.8 MES aMessier, Ric 0aBuild your own cybersecurity testing lab a1st aNew York:bMcGraw-Hill,c2020 a308 p. aComputer Science cBK 001040708CSaUITUbUITUd2025-07-31eProgressive International Agencies (Pvt) Limitedg12632.00l0o005.8 MESpQ15988r2025-09-16 13:12:10v15790.00w2025-09-16yBK c31613d31613